Palmen aus Gold lyrics - Bonez MC & Raf Camora - Statistiken

Allgemein
  • Dieses Quiz wurde 60 mal gespielt
    39 seit der letzten Aktualisierung
  • Das Durchschnittsergebnis liegt bei 275 aus 446
Antwortstatistiken
Antwort % Korrekt
Palmen
94%
Gold
91%
Sie
91%
sie
91%
sind
88%
die
85%
Die
85%
hab
85%
ist
85%
mein
85%
Mein
85%
auf
79%
Ich
79%
ich
79%
Und
79%
und
79%
In
73%
in
73%
meine
73%
wir
73%
an
70%
habe
70%
So
70%
so
70%
zu
70%
der
67%
Für
67%
Mama
67%
Nie
67%
nie
67%
stolz
67%
Videos
67%
davon
64%
ganzen
64%
Gesicht
64%
geträumt
64%
jedem
64%
mit
64%
Mit
64%
nur
64%
Ohne
64%
Stadt
64%
Team
64%
uns
64%
wieder
64%
Club
61%
Drogen
61%
Haben
61%
Kohle
61%
Mäuler
61%
Plakaten
61%
tanzen
61%
verdien
61%
viel
61%
Zoll
61%
85
58%
im
58%
nicht
58%
schieben
58%
seh'n
58%
Angst
55%
Camora
55%
fahr
55%
Paranoia
55%
sich
55%
wahr
55%
War
55%
Dicke
52%
du
52%
Farben
52%
Leben
52%
Licht
52%
schön
52%
schon
52%
Tag
52%
versteh'n
52%
vor
52%
zerfetzen
52%
ah
48%
Alles
48%
fang'n
48%
Franky
48%
geschlafen
48%
meinem
48%
noch
48%
Papa
48%
seit
48%
Sinatra
48%
Tagen
48%
Träumer
48%
vom
48%
Wagen
48%
war'n
48%
Alfa
45%
Balkan
45%
jap
45%
Jap
45%
Joints
45%
macht
45%
Mädchen
45%
Tabak
45%
zwei
45%
23
42%
drei
42%
ein
42%
Großer
42%
kein
42%
langsam
42%
pur
42%
roll
42%
Sinn
42%
Stern
42%
Tour
42%
West-Wien
42%
den
39%
durch
39%
für'n
39%
meiner
39%
rauche
39%
Siegesparade
39%
Tastatur
39%
Arsch
36%
Ausverkaufte
36%
bis
36%
deiner
36%
keine
36%
Kette
36%
schläft
36%
Suite
36%
Uhr
36%
bereut
33%
brauch
33%
Denn
33%
Erfolg
33%
heute
33%
mich
33%
riesiger
33%
Schuhe
33%
seiner
33%
was
33%
Zeit
33%
deshalb
30%
Doch
30%
platzen
30%
Taschen
30%
aufm
27%
draußen
27%
Flur
27%
genieß
27%
nach
27%
150
24%
gewartet
24%
Gott
24%
liebt
24%
liegen
24%
Raben
24%
Ruhm
24%
zufrieden
24%
Corbo-Jeans
15%
Alfa-Armatur
12%
Keine übereinstimmenden Quizze gefunden
Verteilung der Resultate
Anzahl Personen mit jedem Resultat
Perzentil nach korrekt beantworteten Fragen
Ihre Resultats-Entwicklung
Sie haben dieses Quiz seit der letzten Aktualisierung nicht gespielt